Review of Bureau of Mines Research Program.

Bibliographic Details
Corporate Author: United States. Congress. House. Committee on Interior and Insular Affairs. Subcommittee on Mines and Mining (other agent associated with work.)
Format: eBook
Language:English
Published: [Washington : U.S. G.P.O.], 1963.
Subjects:
Online Access:Electronic resource (PDF)

MARC

Tag First Indicator Second Indicator Subfields
LEADER 00000cam a22000001i 4500
001 in00004108321
005 20200117084238.0
006 m d f
007 cr bn mmmapmmp
008 091130s1963 dcu o f000 0 eng d
035 |a cis2007524024 
040 |a UMI  |b eng  |e rda  |c UMI  |d UtOrBLW 
110 1 |a United States.  |b Congress.  |b House.  |b Committee on Interior and Insular Affairs,  |e issuing body.  |0 http://id.loc.gov/authorities/names/n79071072 
245 1 0 |a Review of Bureau of Mines Research Program. 
264 1 |a [Washington :  |b U.S. G.P.O.],  |c 1963. 
300 |a 113 pages, digital, PDF file. 
336 |a text  |2 rdacontent  |b txt 
337 |a computer  |b c  |2 rdamedia 
338 |a online resource  |2 rdacarrier  |b cr 
500 |a Record is based on bibliographic data in ProQuest Congressional Hearings Digital Collection(last viewed July 2018). Reuse except for individual research requires license from ProQuest, LLC. 
538 |a System requirements: PDF reader software. 
500 |a Electronic resource. 
610 1 0 |a United States.  |b Bureau of Mines.  |0 http://id.loc.gov/authorities/names/n79063444 
650 0 |a Laboratories.  |0 http://id.loc.gov/authorities/subjects/sh85073739 
650 0 |a Mineral industries.  |0 http://id.loc.gov/authorities/subjects/sh85085548 
710 1 |a United States.  |b Congress.  |b House.  |b Committee on Interior and Insular Affairs.  |b Subcommittee on Mines and Mining,  |e other agent associated with work.  |0 http://id.loc.gov/authorities/names/n79072670 
776 0 8 |a United States. Congress. House. Committee on Interior and Insular Affairs.  |t Review of Bureau of Mines Research Program  |o 88 HIni-T.91 
730 0 |a ProQuest U.S. Congressional Hearings Digital Collection. 
856 4 0 |u http://proxy.library.tamu.edu/login?url=http://congressional.proquest.com/congcomp/getdoc?HEARING-ID=HRG-1963-IIA-0345  |y Electronic resource (PDF)  |t 0 
999 f f |s 9795bc95-1ae6-3495-9a6f-29405e697f09  |i 6a253558-6221-3081-a41a-dad6456873a4  |t 0 
952 f f |a Texas A&M University  |b College Station  |c Electronic Resources  |d Available Online  |t 0  |h No information provided 
998 f f |t 0  |l Available Online